000 00478nam a2200181Ia 4500
001 1400
005 20260306143725.0
008 260306t2006||||xx |||||||||||||| ||spa||
041 _aESP
082 _a150
_bF36
100 _aFeldman, Robert S.
_eAUT
245 0 _aPsicologĂ­a:
_bcon aplicaciones en paises de habla hispana
260 _c2006
300 _axxix, 592 páginas :, G-12,R-45, CR-4, IN-25
_c27 cm.
650 _aGEN
654 _aCPS
942 _cLIB
_dJUS
_fJUS
_2ddc
_n
999 _c1400
_d1400